|
|
|
|
| LEADER |
01918nam a2200301 a 4500 |
| 001 |
GR-MES17366 |
| 008 |
160210s2012 gr g 000 0 gre d |
| 020 |
|
|
|a 9789609551021
|
| 040 |
|
|
|a GrPaTEI
|b gre
|c GR-PaULI
|
| 040 |
|
|
|a GrPaTEI
|b gre
|c GR-PaULI
|
| 100 |
1 |
|
|a Ναβροζίδης, Εμμανουήλ Ι.
|
| 245 |
1 |
0 |
|a Ειδική γεωργική εντομολογία /
|c Εμμανουήλ Ι. Ναβροζίδης, Στέφανος Σ. Ανδρεάδης.
|
| 260 |
|
|
|a Θεσσαλονίκη :
|b Publish city,
|c 2012
|
| 300 |
|
|
|a 523 . :
|b εικ.
|
| 500 |
|
|
|a σύστημα εύδοξος 27888
|
| 610 |
|
4 |
|a Σύστημα ΕΥΔΟΞΟΣ
|
| 650 |
|
4 |
|a Εντομα
|
| 650 |
|
4 |
|a Εντομολογία
|
| 700 |
1 |
|
|a Ανδρεάδης, Στέφανος Σ.
|
| 710 |
0 |
|
|a Cpublish city
|
| 942 |
|
|
|2 ddc
|
| 952 |
|
|
|0 0
|1 0
|2 ddc
|4 0
|6 595_700000000000000_ΝΑΒ
|7 0
|9 275472
|a MSLG
|b MSLG
|c EUD
|d 2021-01-17
|e 24
|f 0
|g 0.00
|l 0
|o 595.7 ΝΑΒ
|p 2420000027888
|r 2021-01-17 00:00:00
|t 5
|v 2021.00
|w 2021-01-17
|y BK15
|x Μεταφορά από Αμαλιάδα (18/10/22)
|
| 952 |
|
|
|0 0
|1 0
|2 ddc
|4 0
|6 595_700000000000000_NAB
|7 0
|9 275473
|a MSLG
|b MSLG
|c EUD
|d 2021-01-17
|e 24
|f 0
|g 0.00
|l 0
|o 595.7 NAB
|p 99242000028922
|r 2021-01-17 00:00:00
|t 4
|w 2021-01-17
|y BK15
|x GrPaTEI
|
| 952 |
|
|
|0 0
|1 0
|2 ddc
|4 0
|6 595_700000000000000_NAB
|7 0
|9 275474
|a MSLG
|b MSLG
|c EUD
|d 2021-01-17
|e 24
|f 0
|g 0.00
|l 0
|o 595.7 NAB
|p 99242000028923
|r 2021-01-17 00:00:00
|t 3
|w 2021-01-17
|y BK15
|x GrPaTEI
|
| 952 |
|
|
|0 0
|1 0
|2 ddc
|4 0
|6 595_700000000000000_NAB
|7 0
|9 275475
|a MSLG
|b MSLG
|c EUD
|d 2021-01-17
|e 24
|f 0
|g 0.00
|l 2
|m 1
|o 595.7 NAB
|p 99242000029196
|r 2024-05-14 00:00:00
|s 2024-03-26
|t 1
|w 2021-01-17
|y BK15
|x 20160210 0 Κ.Γ. 1
|x GrPaTEI
|
| 952 |
|
|
|0 0
|1 0
|2 ddc
|4 0
|6 595_700000000000000_ΝΑΒ
|7 0
|9 275476
|a MSLG
|b MSLG
|c EUD
|d 2021-01-17
|e 24
|f 0
|g 0.00
|l 0
|o 595.7 ΝΑΒ
|p 99242000028091
|r 2021-01-17 00:00:00
|t 2
|w 2021-01-17
|y BK15
|x GrPaTEI
|
| 971 |
|
|
|a .b25834150
|b 15-04-20
|c 13-09-16
|
| 999 |
|
|
|c 159636
|d 159636
|